| 000 | 00426nam a2200157Ia 4500 | ||
|---|---|---|---|
| 999 |
_c5623 _d5623 |
||
| 003 | OSt | ||
| 005 | 20200120141434.0 | ||
| 008 | 190216s9999||||xx |||||||||||||| ||und|| | ||
| 040 | _coclc | ||
| 082 |
_a658.4012 _bPAN/B |
||
| 100 |
_aPandey _91350 |
||
| 245 | 0 |
_aBusiness Policy / _cPandey |
|
| 260 |
_bKing`S Books, _c1997. _aDelhi: |
||
| 300 | _a217p | ||
| 942 |
_cBK _2ddc _h658.4012 _iPAN/B _k658.4012 _mPAN/B |
||